00000000nas##2200000za#4500
0019.509598
003CaOODSP
00520200331210952
007ta
008150406c1987||||xxc|| m #||||f|   |0eng|d
022 |a0706-148X
040 |aCaOODSP|beng
041 |aeng
041 |afre
043 |an-cn---
0861 |aS52-2
1101 |aCanada. |bPublic Works and Government Services Canada. |bTranslation Bureau.
24510|aTerminology bulletin
260 |aOttawa - Ontario : |bPublic Works and Government Services Canada. |c1977--.
310 |aIrregular
3621 |a[No.] 158--
500 |aCanadian cataloguing in publication data printed in these publications.
5203 |aThese departmental glossaries include the terminology of programs and services administered by a department or government agency.
7760#|tBulletin de terminologie / |w(CaOODSP)9.500140
792 |tBulletin de terminologie |efre|w(CaOODSP)9.509599